000 00545nam a22001817a 4500
003 AR-RoUNCS
005 20250926154356.0
008 250926t2016 sp |||||ri||| 001 0 por d
020 _a978-84-494-2734-3
040 _cAR-RoUNCS
080 _0(038)=134.3
245 0 0 _aOcéano pocket :
_bdiccionario español-portugués = dicionario português-espanhol.
260 _aBarcelona :
_bEditorial Océnao,
_c2016.
300 _a798 p., XVI ;
_c16 cm.
490 0 _aOcéano Pocket
650 4 _aPRTUGUÉS
_xESPAÑOL
_vDICCIONARIOS
942 _2udc
_cOG
_n0
999 _c622
_d622